00794nam a22002177a 450000500170000000800430001705000260006010000320008624500600011824600240017825000220020226000400022430000220026444000520028665000170033865000170035565000330037294200130040599900190041895201390043720211118111932.0211118b fr ||||| |||| 00| 0 frm d04aB2430.T373 bT45 19551 aTeilhard de Chardin, Pierre aLe phénomène humain / cPierre Teilhard de Chardin, aEl fenomeno humano  aprimera edición a Paris, bEditions du seuil ,c1955 a347 p. ; c19 cm. aOeuvres de Pierre Teilhard de Chardin ; v No.1 aCosmología aEvolución. aAntropología filosófica. 2lcccLIB c158947d158945 102lcc4071aLIC-020bLIC-020cFLVd2021-11-18f1a ed.kEHl0oB2430.T373 T45 1955pBFF000035863r2021-11-18 00:00:00tC.1v1.00yLIB